000
00406nam a2200157Ia 4500
008
100204s9999 xx 000 0 und d
082
_b
23788
100
_a
खांडेंकर संजीव
245
_a
अशांत पर्व
250
_a
0
260
_c
1992
300
_a
159
630
_a
अशांत पर्व
730
_a
अशांत पर्व
942
_c
BOOK
999
_c
468749
_d
468746